00311pab a2200121 454500008004000000100001700040245004300057260000900100300001500109362001000124650002100134773003400155180718b2006 xxu||||| |||| 00| 0 eng d aAdarsh Kumar aAnokhi: in the craft of block-printing c2006 ap.3371-374 a5 Aug aTextile industry aEconomic and Political Weekly